000 00406cam a2200169ua 4500
003 OSt
008 250813b |||||||| |||| 00| 0 eng d
020 _a81-204-0133-6
041 _aeng
082 _a627.4
_bGHO/FL
100 _aGhosh, S N .
_96146
245 _aFlood control and drainage engineering /
250 _a1 /
260 _aUSA :
_bA A Balkema ,
_c1986.
300 _a283 ; .
942 _cBK
999 _c8707
_d8707